| 000 | 00404nam a22001337a 4500 | ||
|---|---|---|---|
| 003 | SGT | ||
| 082 |
_a515 _bCHA |
||
| 100 | _aCHAMOLA SUNIL KUMAR | ||
| 245 | _aA CLINICO EPIDEMIOLOGICAL STUDY OUTCOME OF CRANIOFACIAL TRAUMA IN PATIENTS WITH HEAD INJURY IN AN APEX HOSPITAL OF GURUGRAM | ||
| 260 |
_aSGT UNIVERSITY FOSC _bMATHEMATICS _c2023 |
||
| 300 | _a101 | ||
| 650 | _aMATHEMATICS | ||
| 942 |
_2ddc _cTH |
||
| 999 |
_c33241 _d33241 |
||